| 000 | 00000nam##2200000za#4500 |
| 001 | 9.531541 |
| 003 | CaOODSP |
| 005 | 20200331230752 |
| 007 | ta |
| 008 | 150406|1998||||xxc||||| f|0| 0 fre|d |
| 020 | |a0-662-64044-6 |
| 040 | |aCaOODSP|bfre |
| 041 | |aeng |
| 041 | |afre |
| 043 | |an-cn--- |
| 086 | 1 |aC21-24/28-1999 |
| 110 | 1 |aCanada.|bIndustrie Canada. |bDirection de l'analyse micro-économique. |
| 245 | 10|aCommerce intrasociété des entreprises transnationales étrangères au Canada / |cpar Richard A. Cameron. |
| 260 | |aOttawa - Ontario : |bIndustrie Canada. |c1998. |
| 300 | |aTexte français, ii, 97p. : |bgraphiques, tableaux ; |c28 cm. |
| 490 | 1 |aDocuments de travail|v26 |
| 500 | |a«Ce document vise à combler une lacune dans nos connaissances au sujet des échanges commerciaux des filiales étrangères au Canada. L'étude se divise en deux parties: la première donne un aperçu de l'importance des filiales étrangères au Canada, tandis que la deuxième se concentre sur leurs échanges commerciaux, notamment les échanges intrasociétés.»--Résumé. |
| 504 | |aBibliographie. |
| 520 | 3 |aCe document vise à combler une lacune dans nos connaissances au sujet des échanges commerciaux des filiales étrangères au Canada. L'étude se divise en deux parties: la première donne un aperçu de l'importance des filiales étrangères au Canada, tandis que la deuxième se concentre sur leurs échanges commerciaux, notamment les échanges intrasociétés.--Résumé |
| 546 | |aBilingue |
| 563 | |aCouverture souple |
| 590 | |a99-50|b1999-12-17 |
| 691 | 07|aInvestissement étranger|2gcpds |
| 691 | 07|aCommerce extérieur|2gcpds |
| 720 | 1 |aCameron, Richard A. |
| 776 | 0#|tIntrafirm trade of Canadian-based foreign transnational companies / |w(CaOODSP)9.570593 |
| 776 | 0#|tCommerce intrasociété des entreprises transnationales étrangères au Canada / |w(CaOODSP)9.601241 |
| 791 | |tIntrafirm trade of Canadian-based foreign transnational companies / |eeng|w(CaOODSP)9.531540 |
| 830 | #0|aDocuments de travail ;|v26|w(CaOODSP)9.509053 |